EDUCATION IN EMERGING INDIAN SOCIETY (Record no. 26813)

MARC details
000 -LEADER
fixed length control field 00336nam a22001577a 4500
003 - CONTROL NUMBER IDENTIFIER
control field SGT
020 ## - INTERNATIONAL STANDARD BOOK NUMBER
International Standard Book Number 9788120351684
082 ## - DEWEY DECIMAL CLASSIFICATION NUMBER
Classification number 370,GHO
100 ## - MAIN ENTRY--PERSONAL NAME
Personal name GHOSH, SUNANDA
245 ## - TITLE STATEMENT
Title EDUCATION IN EMERGING INDIAN SOCIETY
250 ## - EDITION STATEMENT
Edition statement 2ND
260 ## - PUBLICATION, DISTRIBUTION, ETC. (IMPRINT)
Place of publication, distribution, etc NEW DELHI
Name of publisher, distributor, etc PHI
Year of Publication 2016
300 ## - PAGE DESCRIPTION
No. of Pages 231
650 ## - SUBJECT ADDED ENTRY--TOPICAL TERM
Topical term or geographic name as entry element EDUCATION
942 ## - ADDED ENTRY ELEMENTS (KOHA)
Source of classification or shelving scheme Dewey Decimal Classification
Koha item type Books
Holdings
Withdrawn status Lost status Source of classification or shelving scheme Damaged status Use restrictions Not for loan Collection code Home library Current library Shelving location Date acquired Vendor Name Cost, normal purchase price SGTU Bill Number Full call number Accession No. (Barcode) Date last seen Bill Date Koha item type Total Checkouts
    Dewey Decimal Classification   Restricted Access Not For Loan EDUCATION SGT Engineering Library SGT Engineering Library Reference Book 22/08/2024 AHUJA BOOK COMPANY 295.00 SGTU IN19161 370,GHO ED5304 22/08/2024 28/06/2024 Books  
    Dewey Decimal Classification       EDUCATION SGT Engineering Library SGT Engineering Library Text Book 22/08/2024 AHUJA BOOK COMPANY 295.00 SGTU IN19161 370,GHO ED5305 22/08/2024 28/06/2024 Books  
    Dewey Decimal Classification       EDUCATION SGT Engineering Library SGT Engineering Library Text Book 22/08/2024 AHUJA BOOK COMPANY 295.00 SGTU IN19161 370,GHO ED5306 22/08/2024 28/06/2024 Books